Κατάλογος Βιβλιοθηκών Mediterranean College

Ψυχομετρία / Ιστορία, Θεωρίες και Γενικές Αρχές: Β' Τόμος (Record no. 91)

MARC details
000 -LEADER
fixed length control field 01729cam a22001934a 4500
005 - ΗΜΕΡΟΜΗΝΙΑ ΚΑΙ ΩΡΑ ΤΕΛΕΥΤΑΙΑΣ ΕΝΗΜΕΡΩΣΗΣ
Πεδίο ελέγχου 20250605163923.0
008 - FIXED-LENGTH DATA ELEMENTS--GENERAL INFORMATION
Πεδίο ελέγχου σταθερού μήκους 250528s ||||||||||||||||||||||||d
035 ## - SYSTEM CONTROL NUMBER
System control number 14461
020 ## - ISBN
ISBN 9604067621
040 ## - ΠΗΓΗ ΚΑΤΑΛΟΓΟΓΡΑΦΗΣΗΣ
Φορέας πρωτότυπης καταλογογράφησης MC Athens Campus Library
Γλώσσα καταλογογράφησης Ελληνικά, Μοντέρνα (1453-)
Modifying agency MC Athens Campus Library
Κανόνες περιγραφικής καταλογογράφησης AACR2
245 1# - ΤΙΤΛΟΣ ΚΑΙ ΔΗΛΩΣΗ ΥΠΕΥΘΥΝΟΤΗΤΑΣ
Τίτλος Ψυχομετρία / Ιστορία, Θεωρίες και Γενικές Αρχές: Β' Τόμος
260 ## - PUBLICATION, DISTRIBUTION, ETC.
Name of publisher, distributor, etc. Ελληνικά Γράμματα,
Date of publication, distribution, etc. 2004
300 ## - PHYSICAL DESCRIPTION
Extent 240
520 ## - SUMMARY, ETC.
Summary, etc. Ο τόμος πραγματεύεται τα βασικά θέματα που αναφέρονται στην ιστορία, τις θεωρίες και τις γενικές αρχές της ψυχομετρίας με σαφή, περιεκτικό και κατανοητό τρόπο, βοηθώντας τόσο αυτούς που ασχολούνται με την έρευνα όσο και εκείνους που χορηγούν, βαθμολογούν και ερμηνεύουν τα τεστ. Πρόλογος, Θεωρητική Θεμελίωση, Επισκόπηση της Ιστορίας της Ψυχομετρίας, Ψυχομετρικές Θεωρίες, Αξιοπιστία, Εγκυρότητα, Τυπικοί Βαθμοί και Στάθμιση Κλιμάκων, Μεροληπτικότητα των Τεστ και των Ερωτήσεων, Ηθικά - Δεοντολογικά και Κοινωνικά Προβλήματα που Παρουσιάζονται στην Αξιολόγηση, Ερευνητικό, Αξιοπιστία και Εγκυρότητα και Τυπικοί Βαθμοί του ΑΗ4.
700 1# - ΠΡΟΣΘΕΤΗ ΑΝΑΓΡΑΦΗ--ΦΥΣΙΚΟ ΠΡΟΣΩΠΟ
Personal name Αλεξόπουλος Δημήτριος Σ
9 (RLIN) 138
942 ## - ADDED ENTRY ELEMENTS (KOHA)
Koha item type Books
Holdings
Τύπος τεκμηρίου Βιβλιοθήκη Τρέχουσα τοποθεσία Barcode Αριθμός εισαγωγής Ημερομηνία απόκτησης Ταξιθετικό σύμβολο Αριθμός αντιτύπου Κατάσταση απόσυρσης Κατάσταση χαμένου Κατάσταση κατεστραμμένου Μη δανεισμός Σύνολο δανεισμών Ημερομηνία τελευταίας εμφάνισης Η τιμή ισχύει από
Books MC Athens Campus Library MC Athens Campus Library 9780000000903 74 05/06/2025 150.287 ALE V.B 1           05/06/2025 05/06/2025

MC Athens Campus Library
Πατησίων 94 & Κοδριγκτώνος 13, 104 34
Πελλήνης 8 & Πατησίων 107, 112 51
Τ: +30 210 8899600

MC Thessaloniki Campus Library
Ίωνος Δραγούμη 21, 54625 | Ίωνος Δραγούμη 15, 54625
Τ: +30 2310 287779 – Τ: +30 2314 440300